000 00800nab a2200241 u 4500
001 10375
003 HDC
007 cr bn ---aaaaa
008 210204c9999 |r|nos 0 a eng d
040 _aHDC
110 _aBernama
245 0 _aOnly 0.02 Per Cent Of Melaka Customary Land Developed By Pertam
260 _a[no place] :
_b[publisher not identified],
_c[no year]
336 _atext
_2rdacontent
337 _acomputer
_2rdamedia
338 _aonline resource
_2rdacarrier
650 _afood outlets
_910614
650 _aMelaka Customary Land
_910613
856 _zRequest full-text at [email protected]
942 _2lcc
942 _cNEWS
942 _kNWSO 000173
999 _c7698
_d7698